| 000 | 00376nam a2200133Ia 4500 | ||
|---|---|---|---|
| 008 | 220217s9999||||xx |||||||||||||| ||und|| | ||
| 020 | _a978-81-8128-870-7 | ||
| 082 | _a005.13 GRO | ||
| 100 |
_aGross, Christian _95673 |
||
| 245 | 0 | _aBeginning C# 2008 from novice to professional | |
| 260 |
_aApress _bNew Delhi _c2008 |
||
| 300 | _b349 | ||
| 650 | _aPROGRAMMING LANGUAGE | ||
| 999 |
_c176748 _d176748 |
||